| 000 | 01923nam a2200265 i 4500 | ||
|---|---|---|---|
| 001 | 48757 | ||
| 003 | ES-MaACL | ||
| 005 | 20230906161820.0 | ||
| 007 | t| | ||
| 008 | 950728m18611872fr ||||1| fre d | ||
| 040 |
_aCAM _bspa _cCAM |
||
| 245 | 0 | 0 |
_aDictionnaire de la conversation et de la lecture _b: inventaire raisonné des notions générales les plus indispensables à tous ; [Supplément offrant le résumé des faits et des idées de notre temps. I-V.] / _cpar une Société de Savants et de Gens de Lettres sous la direction de M. W. Duckett. |
| 250 | _a2e édition, entièrement refondue, corrigée et aumentée de plusieurs milliers d'articles tout d'actualité. | ||
| 260 |
_aParis : _bFirmin Didot Frères, _c1861-1872. |
||
| 300 |
_a21 v. ; _c27 cm. |
||
| 500 | _aLos cinco últimos v. son el Suplemento. | ||
| 505 | 8 | _aContiene: T.1 : A-Arias.- 1861 --T. 2 : Ariège-Bequille.- 1861 - - T. 3 : Bérang..-Brun.. .- 1862 --T. 4 : Bruns.-Cent-J.. - 1861 -- T. 5 : Centl.-Coiffe. - 1861 --T. 6 : Coiff.-Ctésip.. - 1862 --T. 7 : Cuba-Douze-T.. - 1861 -- T. 8 : Dovall.-Espag.. - 1861 -- T. 9 : Espag.-Frêch.. - 1861 -- T.. 10 : Frère-Helys.. - 1861 -- T. 11 : Hemans.-Kossu.. - 1862 -- T. 12 : Kotze.-Maxim.. - 1861 -- T. 13 : Maxime-Orient. - 1861 -- T. 14 : Orient-Post.. - 1861 -- T. 15 : Postes-Saxons. - 1861 -- T. 16 : Saxophone-Z .- 1861 -- Supl. 1 : A-Canon .- 1864 -- Supl. 2 : Canonica-Coutances.- 1868 -- Supl. 3 : Coute..-France .- 1872 -- Supl. 4 : Francfort-Ning-Po -- Supl. 5 : Ninive-Syr. | |
| 593 | _aEn el suplemento 5º aparece como director: P. Lousy y faltan últimas páginas. | ||
| 596 | _aSuplemento 4º y 5º sin año de publicación. | ||
| 597 | _aEn anteportada: Répertoire des connaissances usuelles. | ||
| 650 |
_aEnciclopedias. _912235 |
||
| 700 | 1 |
_aDuckett, William ( _d1805-1873) _945836 |
|
| 700 | 1 |
_aLouisy, Paul. _9153048 |
|
| 852 |
_aES-MaACL _jG-887-907 |
||
| 999 |
_c48757 _d48757 |
||